[Event "4. HSK Weihnachtsopen 2018"]
[Site "Hamburg"]
[Date "2018.12.29"]
[Round "5.22"]
[White "Müller, Linus"]
[Black "Chilton, Alexis"]
[Result "0-1"]
[WhiteElo "1445"]
[BlackElo "1844"]
[PlyCount "48"]
[EventDate "2018.12.27"]

1. e4 c5 2. Nf3 d6 3. d4 cxd4 4. Nxd4 Nf6 5. Nc3 g6 6. Bb5+ Bd7 7. Bxd7+ Nbxd7
8. f3 Bg7 9. Be3 O-O 10. Qd2 Ne5 11. b3 Rc8 12. Nce2 d5 13. Ng3 dxe4 14. Nxe4
Nxe4 15. fxe4 Ng4 16. Bg1 Qd6 17. h3 Qg3+ 18. Kd1 Bh6 19. Qe1 Qxg2 20. hxg4
Qxh1 21. c4 Rfd8 22. Kc2 Qg2+ 23. Qe2 Qxe2+ 24. Nxe2 Rd2+ 0-1

[Event "4. HSK Weihnachtsopen 2018"]
[Site "Hamburg"]
[Date "2018.12.29"]
[Round "5.23"]
[White "Tatliak, Stefan"]
[Black "Klawitter, Bernd"]
[Result "0-1"]
[WhiteElo "1699"]
[BlackElo "1593"]
[PlyCount "73"]
[EventDate "2018.12.27"]

1. e4 c6 2. d4 d5 3. e5 Bf5 4. Nc3 e6 5. Nge2 h6 6. Ng3 Bh7 7. Bd3 Bxd3 8. Qxd3
a6 9. Nce2 c5 10. c3 c4 11. Qc2 b5 12. f4 g6 13. O-O h5 14. h3 h4 15. Nh1 Ne7
16. b3 Nf5 17. bxc4 dxc4 18. Rf3 Qd5 19. Nf2 Nc6 20. Ne4 Be7 21. Bb2 b4 22. Rd1
Kf8 23. cxb4 Nxb4 24. Qb1 Nd3 25. Nf6 Bxf6 26. exf6 Kg8 27. Bc3 Kh7 28. Qc2
Rhb8 29. Rdf1 Rb7 30. Kh2 Rab8 31. g4 Nd6 32. Qd2 Ne4 33. Qc2 Nxc3 34. Nxc3 Qa5
35. Qa4 Qxc3 36. Qxa6 Rb2+ 37. Kh1 0-1

[Event "4. HSK Weihnachtsopen 2018"]
[Site "Hamburg"]
[Date "2018.12.29"]
[Round "5.24"]
[White "Fuhrmann, Jeppe"]
[Black "Perschk, Bendix"]
[Result "0-1"]
[WhiteElo "1322"]
[BlackElo "1694"]
[PlyCount "130"]
[EventDate "2018.12.27"]

1. e4 Nc6 2. Nf3 d6 3. d4 g6 4. Nc3 Nf6 5. Be3 Bg7 6. h3 a6 7. a3 O-O 8. Bc4 b5
9. Ba2 b4 10. axb4 Nxb4 11. O-O Bb7 12. d5 Nxa2 13. Rxa2 c6 14. Qd2 Re8 15. Re1
Qc7 16. Bf4 Nh5 17. Bh6 Bh8 18. dxc6 Bxc6 19. Nd4 Bd7 20. Raa1 Qc4 21. Nde2 Bc6
22. f3 Qc5+ 23. Kh1 Reb8 24. Rab1 Bf6 25. Be3 Qc4 26. Bd4 Bh4 27. Red1 Bd7 28.
g4 Nf6 29. Kg2 d5 30. Qh6 g5 31. Bxf6 exf6 32. Qxf6 Re8 33. Qd4 Rad8 34. Qxc4
dxc4 35. Nd5 Kg7 36. Nb6 Bb5 37. Nd4 Kg6 38. Nxb5 axb5 39. Rd5 Rb8 40. Rd6+ f6
41. Rbd1 Rb7 42. Nd7 Ra8 43. Rxf6+ Kg7 44. e5 Ra2 45. e6 Rxb2 46. Rf7+ Kg6 47.
Nf8+ Kh6 48. Rxh7+ Rxh7 49. Nxh7 Rxc2+ 50. Kh1 Kxh7 51. Rd5 Kg7 52. Rxb5 Kf6
53. Rb6 Rc1+ 54. Kg2 Ke7 55. Rc6 Be1 56. Kf1 Bd2+ 57. Ke2 c3 58. Kd3 Rh1 59.
Ke4 Rxh3 60. Rc4 Kxe6 61. Rc5 Rh2 62. Kd3 Rf2 63. Rf5 Bf4 64. Kxc3 Rxf3+ 65.
Kd4 Rg3 0-1

[Event "4. HSK Weihnachtsopen 2018"]
[Site "Hamburg"]
[Date "2018.12.29"]
[Round "5.26"]
[White "Mandelkow, Elias"]
[Black "Müller, Nico"]
[Result "1-0"]
[WhiteElo "1569"]
[BlackElo "1546"]
[PlyCount "99"]
[EventDate "2018.12.27"]

1. d4 Nf6 2. c4 e6 3. Nf3 b6 4. g3 Bb7 5. Bg2 Be7 6. Nc3 Na6 7. a3 O-O 8. O-O
c5 9. d5 exd5 10. cxd5 Bd6 11. Nh4 Rc8 12. Nf5 Bb8 13. d6 Bxg2 14. Ne7+ Kh8 15.
Kxg2 Rc6 16. Nxc6 dxc6 17. Qd3 c4 18. Qxc4 Nc5 19. Rd1 Re8 20. Qxf7 Ne6 21. Qb7
c5 22. e3 Ng4 23. Qf3 Ne5 24. Qe2 Qf6 25. Nd5 Qg6 26. Kf1 Qe4 27. f4 Qh1+ 28.
Kf2 Qxh2+ 29. Ke1 Qh1+ 30. Qf1 Nf3+ 31. Kf2 Qh5 32. Qg2 Nfd4 33. g4 Qh4+ 34.
Qg3 Qxg3+ 35. Kxg3 Nb3 36. Rb1 Bxd6 37. Nc3 Bb8 38. Ne2 g5 39. Bd2 gxf4+ 40.
exf4 Nxd2 41. Rxd2 Nxf4 42. Nxf4 Re3+ 43. Kf2 Bxf4 44. Rd8+ Kg7 45. Rd7+ Kg6
46. Rxa7 h5 47. Rg1 hxg4 48. Rxg4+ Kf5 49. Rxf4+ Kxf4 50. Rf7+ 1-0

[Event "4. HSK Weihnachtsopen 2018"]
[Site "Hamburg"]
[Date "2018.12.29"]
[Round "5.27"]
[White "Grotrian, Peter"]
[Black "Herrmann, Sabine"]
[Result "1-0"]
[WhiteElo "1500"]
[BlackElo "1553"]
[PlyCount "123"]
[EventDate "2018.12.27"]

1. d4 d5 2. c4 Nf6 3. cxd5 Nxd5 4. Nf3 e6 5. Nc3 Nxc3 6. bxc3 Nc6 7. e4 Ne7 8.
Bd3 Ng6 9. O-O Be7 10. Rb1 c6 11. Be3 O-O 12. Qc2 f5 13. exf5 exf5 14. Rfe1 Qd6
15. Bg5 b6 16. Rbd1 b5 17. Bxe7 Nxe7 18. Re2 Nd5 19. g3 Bd7 20. Ne5 Be6 21.
Rde1 Rf6 22. Qb1 a6 23. Qc2 Nc7 24. Nf3 h6 25. Kf1 Raf8 26. Ng1 Kh8 27. Nh3 f4
28. Nxf4 Rxf4 29. gxf4 Bh3+ 30. Kg1 Qxf4 31. Be4 Rf6 32. Re3 Be6 33. Kh1 Bf5
34. Bxf5 Rxf5 35. R1e2 g6 36. Qe4 Qd6 37. Rf3 Rh5 38. Qf4 Qxf4 39. Rxf4 Kg8 40.
Rf6 Nd5 41. Rxg6+ Kf7 42. Rxc6 b4 43. cxb4 Nxb4 44. Rb6 a5 45. Kg2 Nd3 46. Kg3
Nb4 47. Re5 Rxe5 48. dxe5 Nxa2 49. Ra6 Nb4 50. Rxa5 Ke6 51. f4 Kf5 52. Kf3 h5
53. h3 Nc2 54. Ra6 Nd4+ 55. Kg3 h4+ 56. Kxh4 Kxf4 57. Ra4 Kxe5 58. Rxd4 Kxd4
59. Kg5 Ke5 60. h4 Ke6 61. Kg6 Ke7 62. Kg7 1-0

[Event "4. HSK Weihnachtsopen 2018"]
[Site "Hamburg"]
[Date "2018.12.29"]
[Round "5.28"]
[White "Rodrigues, Afonso"]
[Black "Hinrichs, Winfried"]
[Result "1-0"]
[WhiteElo "1493"]
[BlackElo "1551"]
[PlyCount "81"]
[EventDate "2018.12.27"]

1. e4 c5 2. Nf3 d6 3. d4 cxd4 4. Nxd4 a6 5. Be3 Nf6 6. Nc3 e6 7. f3 Be7 8. Qd2
Qc7 9. g4 h6 10. Be2 Nbd7 11. h4 Ne5 12. O-O-O Bd7 13. g5 Nh5 14. gxh6 Ng3 15.
hxg7 Rg8 16. Rhg1 Bxh4 17. f4 Nc6 18. Nxc6 Qxc6 19. Bf3 Rxg7 20. Qh2 Bf6 21.
Rxg3 Rxg3 22. Qxg3 Bxc3 23. bxc3 Qxc3 24. Bd4 Qa3+ 25. Bb2 Qe3+ 26. Kb1 O-O-O
27. Rd3 Qb6 28. Rb3 Qc7 29. Rc3 Bc6 30. e5 d5 31. Ba3 Qb6+ 32. Rb3 Qd4 33. Bb2
Qd2 34. Bc3 Qe3 35. Ba5 Qc5 36. Bxd8 Kxd8 37. Qe1 Kd7 38. Qe3 d4 39. Bxc6+ bxc6
40. Qd3 Kc7 41. Qxa6 1-0

[Event "4. HSK Weihnachtsopen 2018"]
[Site "Hamburg"]
[Date "2018.12.29"]
[Round "5.30"]
[White "Krüger, Dietrich"]
[Black "Müller, Marvin"]
[Result "0-1"]
[WhiteElo "1262"]
[BlackElo "1586"]
[PlyCount "68"]
[EventDate "2018.12.27"]

1. d4 Nf6 2. Bf4 b6 3. e3 Bb7 4. f3 e6 5. Bb5 a6 6. Ba4 b5 7. Bb3 d5 8. Ne2 c5
9. a3 Nc6 10. O-O Bd6 11. dxc5 Bxc5 12. Qd2 O-O 13. Nbc3 Qb6 14. Bg5 Rac8 15.
Kh1 Nd7 16. Rae1 Nde5 17. Ng3 Na5 18. Ba2 Nac4 19. Qc1 a5 20. b3 Bxa3 21. bxc4
Bxc1 22. Rxc1 Nxc4 23. Rb1 b4 24. Nce2 Nd2 25. Nd4 f6 26. Bh4 g5 27. Nxe6 Qxe6
28. e4 gxh4 29. Nf5 Kh8 30. Rfd1 Nxb1 31. Bxb1 dxe4 32. Nxh4 exf3 33. gxf3 Qe3
34. Rg1 Bxf3+ 0-1

[Event "4. HSK Weihnachtsopen 2018"]
[Site "Hamburg"]
[Date "2018.12.29"]
[Round "6.1"]
[White "Powierski, Emil"]
[Black "Chittka, Julius"]
[Result "1/2-1/2"]
[WhiteElo "2310"]
[BlackElo "2279"]
[PlyCount "33"]
[EventDate "2018.12.27"]

1. e4 c5 2. Nf3 Nc6 3. c3 d5 4. exd5 Qxd5 5. d4 Bf5 6. Be3 cxd4 7. Nxd4 Nf6 8.
Nxf5 Qxf5 9. Bd3 Qd5 10. O-O O-O-O 11. Be2 Qxd1 12. Rxd1 Rxd1+ 13. Bxd1 Nd5 14.
Bc1 e6 15. Nd2 Ne5 16. Bc2 Be7 17. Nb3 1/2-1/2

[Event "4. HSK Weihnachtsopen 2018"]
[Site "Hamburg"]
[Date "2018.12.29"]
[Round "6.2"]
[White "Böhm, Thomas"]
[Black "Von Gleich, Alexander"]
[Result "0-1"]
[WhiteElo "2126"]
[BlackElo "2323"]
[PlyCount "112"]
[EventDate "2018.12.27"]

1. e4 c5 2. Nf3 e6 3. c3 Nf6 4. e5 Nd5 5. g3 b6 6. Bg2 Ba6 7. d3 Nc6 8. O-O Be7
9. Na3 O-O 10. Nc4 Qc7 11. Re1 Rad8 12. Nfd2 b5 13. Bxd5 exd5 14. Ne3 Qxe5 15.
d4 cxd4 16. Nf3 Qe4 17. Nc2 Qg6 18. Ncxd4 Bf6 19. Be3 Rfe8 20. Ne2 Ne5 21. Nf4
Nxf3+ 22. Qxf3 Qe4 23. Qxe4 dxe4 24. Bxa7 Bb7 25. a3 Be5 26. Be3 h6 27. Rad1
Bc6 28. Ne2 d6 29. Bd4 Bd7 30. Bxe5 dxe5 31. c4 bxc4 32. Nc3 f5 33. Rd6 Be6 34.
Red1 Rxd6 35. Rxd6 Kf7 36. Kf1 Rb8 37. Na4 c3 38. Nxc3 Rxb2 39. Rc6 Ke7 40. Ke1
Kd7 41. Rc5 Kd6 42. Rb5 Rc2 43. Rb6+ Kd7 44. Nb5 Bc4 45. a4 Re2+ 46. Kd1 Rxf2
47. Rb7+ Kc6 48. Re7 Bxb5 49. axb5+ Kxb5 50. Rxe5+ Kc4 51. Ke1 Kd4 52. Rxe4+
fxe4 53. Kxf2 Kd3 54. Ke1 Ke3 55. g4 g5 56. Kd1 Kf2 0-1

[Event "4. HSK Weihnachtsopen 2018"]
[Site "Hamburg"]
[Date "2018.12.29"]
[Round "6.3"]
[White "Franke, Lutz"]
[Black "Spiric, Igor"]
[Result "1/2-1/2"]
[WhiteElo "2110"]
[BlackElo "2277"]
[PlyCount "87"]
[EventDate "2018.12.27"]

1. d4 Nf6 2. c4 e6 3. Nc3 c5 4. d5 exd5 5. cxd5 d6 6. Nf3 g6 7. Nd2 a6 8. a4
Nbd7 9. e4 Qe7 10. Be2 Ne5 11. O-O g5 12. Nc4 Nxc4 13. Bxc4 Ng4 14. Be2 Ne5 15.
Bxg5 Qxg5 16. f4 Qg7 17. fxe5 Rg8 18. Rf2 Bh3 19. Bh5 Bxg2 20. Rxf7 Qxf7 21.
Bxf7+ Kxf7 22. Qh5+ Rg6 23. Kf2 Bh6 24. Ne2 Bxe4 25. Ng3 Bxd5 26. exd6 Be6 27.
Rf1 Kg8 28. Re1 Rf8+ 29. Kg1 Rf5 30. Qh3 Re5 31. Qf1 Be3+ 32. Rxe3 Rxe3 33. Qd1
Bd7 34. Qd5+ Ree6 35. Qxb7 Rxd6 36. Qb3+ Kg7 37. Qc3+ Rdf6 38. Qxc5 Bxa4 39.
Qa7+ Kg8 40. Qb8+ Rf8 41. Qb7 Bb5 42. Qd5+ Kg7 43. Qe5+ Kg8 44. Qd5+ 1/2-1/2

[Event "4. HSK Weihnachtsopen 2018"]
[Site "Hamburg"]
[Date "2018.12.29"]
[Round "6.5"]
[White "Szobries, Torsten"]
[Black "Hochgräfe, Markus"]
[Result "0-1"]
[WhiteElo "2032"]
[BlackElo "2413"]
[PlyCount "84"]
[EventDate "2018.12.27"]

1. Nf3 d5 2. e3 Nf6 3. c4 c6 4. Nc3 a6 5. Be2 dxc4 6. Bxc4 b5 7. Bb3 e6 8. O-O
c5 9. Qe2 Bb7 10. d3 Nc6 11. a4 Na5 12. Bc2 b4 13. Ne4 Nxe4 14. dxe4 c4 15. Nd4
e5 16. Nf5 g6 17. Ng3 Bc5 18. Kh1 h5 19. Rd1 Qe7 20. h3 Qh4 21. Bd2 Rc8 22. Be1
Qf6 23. Rac1 O-O 24. Nf1 Rc7 25. f4 exf4 26. exf4 Qxb2 27. Rb1 Qf6 28. Bxb4
Bxb4 29. Rxb4 Qxf4 30. Rb6 Re8 31. Qe1 c3 32. Rd4 Rce7 33. Kg1 Qe5 34. Qe3 Qc7
35. Rbb4 Qc5 36. Kh1 Kg7 37. Ng3 h4 38. Ne2 Bxe4 39. Bxe4 Rxe4 40. Qxc3 Qxc3
41. Nxc3 Re1+ 42. Kh2 Nc6 0-1

[Event "4. HSK Weihnachtsopen 2018"]
[Site "Hamburg"]
[Date "2018.12.29"]
[Round "6.6"]
[White "Kemeny, Matthias"]
[Black "Jantzen, Hans-Jörg"]
[Result "0-1"]
[WhiteElo "1980"]
[BlackElo "2130"]
[PlyCount "108"]
[EventDate "2018.12.27"]

1. e4 c5 2. Nf3 e6 3. d4 cxd4 4. Nxd4 Nc6 5. Be2 Nf6 6. Nc3 Bb4 7. f3 d5 8.
exd5 Nxd5 9. Nxc6 bxc6 10. Bd2 Nxc3 11. bxc3 Bc5 12. Bd3 O-O 13. Qe2 Qb6 14.
Qe4 f5 15. Qe5 Bg1 16. Qg3 Bc5 17. Ke2 Qb8 18. Bf4 e5 19. Bxe5 Qb7 20. f4 Be6
21. Rhe1 Rae8 22. Rab1 Qf7 23. a4 g6 24. Kf1 Bd5 25. a5 Rd8 26. a6 Bb6 27. Re2
Rd7 28. Rbe1 c5 29. Bb5 Bc4 30. Bxd7 Qxd7 31. Qf3 Bxa6 32. g3 Rd8 33. Qe3 Qc6
34. Kf2 Bxe2 35. Rxe2 Qd5 36. Qf3 c4+ 37. Kg2 Kf7 38. h3 a5 39. g4 a4 40. g5 a3
41. Re1 Qxf3+ 42. Kxf3 Rd2 43. Ra1 Bc5 44. Bd4 Be7 45. Ra2 Rd1 46. Bb6 Rb1 47.
Ba5 Rb2 48. Ra1 Rxc2 49. Rd1 a2 50. Bb4 Bxb4 51. cxb4 Ke6 52. Ke3 Rb2 53. Ra1
c3 54. Kd3 c2 0-1

[Event "4. HSK Weihnachtsopen 2018"]
[Site "Hamburg"]
[Date "2018.12.29"]
[Round "6.7"]
[White "Porth, Hartmut"]
[Black "Malkiel, Daniel"]
[Result "0-1"]
[WhiteElo "2093"]
[BlackElo "2187"]
[PlyCount "78"]
[EventDate "2018.12.27"]

1. e4 e6 2. g3 d5 3. Nc3 Nf6 4. e5 Nfd7 5. f4 c5 6. Bg2 Nc6 7. d3 f6 8. exf6
Nxf6 9. Nf3 Bd6 10. O-O O-O 11. Re1 Re8 12. Ne5 a6 13. g4 Bxe5 14. fxe5 Nd7 15.
Bf4 Nf8 16. Bg3 Ng6 17. Qd2 b5 18. Qf2 Nd4 19. Rf1 Qe7 20. Rae1 Bb7 21. Qd2 Rf8
22. Ne2 Nxe2+ 23. Qxe2 d4 24. Bxb7 Qxb7 25. Qg2 Qxg2+ 26. Kxg2 Ne7 27. c3 dxc3
28. bxc3 Nd5 29. c4 Nb4 30. a3 Nxd3 31. Rb1 bxc4 32. Bf2 Rab8 33. Be3 c3 34.
Rxf8+ Rxf8 35. Rb6 Nf4+ 36. Kg3 Nd5 37. Rc6 Nxe3 38. Rxc5 c2 39. a4 Rf1 0-1

[Event "4. HSK Weihnachtsopen 2018"]
[Site "Hamburg"]
[Date "2018.12.29"]
[Round "6.8"]
[White "Schellhorn, Wolfgang"]
[Black "Atri, Jamshid"]
[Result "1-0"]
[WhiteElo "2138"]
[BlackElo "1930"]
[PlyCount "129"]
[EventDate "2018.12.27"]

1. e4 e5 2. Nf3 Nc6 3. Bc4 Nf6 4. Ng5 d5 5. exd5 Na5 6. Bb5+ c6 7. dxc6 bxc6 8.
Qf3 Rb8 9. Bd3 h6 10. Ne4 Nd5 11. c3 Nf4 12. Bf1 c5 13. d4 cxd4 14. cxd4 Qxd4
15. Nbc3 Ne6 16. Bb5+ Rxb5 17. Nxb5 Qb4+ 18. Nec3 Bb7 19. Qg3 Nc6 20. O-O a6
21. Na3 Be7 22. Nd5 Qd6 23. Nxe7 Kxe7 24. Be3 Rd8 25. Nc4 Qd5 26. Rac1 f6 27.
Bb6 Rd7 28. Qa3+ Kf7 29. Ne3 Qe4 30. f3 Qg6 31. Nc4 Nf4 32. Rf2 Nd4 33. Bxd4
exd4 34. Nd6+ Kg8 35. Nxb7 Rxb7 36. Rd2 Rb5 37. Qxa6 Rg5 38. Qa8+ Kh7 39. Qe4
Rf5 40. Kf1 d3 41. Rc8 h5 42. Qe8 Qg5 43. g3 Ng6 44. Rxd3 h4 45. Kf2 hxg3+ 46.
hxg3 Ne5 47. Qg8+ Kg6 48. Qb3 Qh6 49. Rc2 Qh2+ 50. Kf1 Qh1+ 51. Ke2 Qg2+ 52.
Kd1 Qf1+ 53. Kd2 Qf2+ 54. Kc1 Qxg3 55. Rdd2 Qf4 56. Kb1 Nxf3 57. Rg2+ Ng5 58.
Qd3 Qf1+ 59. Qxf1 Rxf1+ 60. Rc1 Rf4 61. a3 Re4 62. b4 Re3 63. Ka2 Kf5 64. b5
Re5 65. b6 1-0

[Event "4. HSK Weihnachtsopen 2018"]
[Site "Hamburg"]
[Date "2018.12.29"]
[Round "6.9"]
[White "Magnussen, Helge"]
[Black "Nyenhuis, Yannek"]
[Result "1-0"]
[WhiteElo "2041"]
[BlackElo "1922"]
[PlyCount "49"]
[EventDate "2018.12.27"]

1. d4 Nf6 2. c4 e6 3. Nc3 d5 4. Nf3 Be7 5. Bf4 O-O 6. Rc1 b6 7. e3 Bb7 8. cxd5
Nxd5 9. Nxd5 Qxd5 10. a3 c5 11. Bc4 Qh5 12. Be2 Qd5 13. O-O Nc6 14. dxc5 Bxc5
15. b4 Be7 16. Qa4 a5 17. b5 Na7 18. Rc7 Bc5 19. Rd1 Qe4 20. Qxe4 Bxe4 21. Rdd7
Nxb5 22. Bxb5 Bxf3 23. gxf3 Bxa3 24. Rb7 Bc5 25. Ba4 1-0

[Event "4. HSK Weihnachtsopen 2018"]
[Site "Hamburg"]
[Date "2018.12.29"]
[Round "6.10"]
[White "Schwarzkopf, Jörg"]
[Black "Sonntag, Sven"]
[Result "1-0"]
[WhiteElo "1843"]
[BlackElo "1978"]
[PlyCount "76"]
[EventDate "2018.12.27"]

1. e4 d6 2. d4 Nf6 3. Nc3 Nbd7 4. Nf3 e5 5. dxe5 dxe5 6. Bc4 Bb4 7. O-O c6 8.
Bd2 b5 9. Bb3 Qe7 10. a3 Bc5 11. Bg5 h6 12. Bh4 Nf8 13. h3 g5 14. Bg3 Ng6 15.
Qd3 Nh5 16. Kh2 Nhf4 17. Bxf4 Nxf4 18. Qd2 g4 19. Ng1 Qg5 20. Rad1 Rg8 21. g3
Nxh3 22. Nxh3 gxh3 23. Ne2 Qxd2 24. Rxd2 Rg7 25. Ng1 Ke7 26. Nxh3 a5 27. f4 a4
28. Ba2 Bxh3 29. Kxh3 Rag8 30. Rd3 Rd8 31. Rxd8 Kxd8 32. fxe5 Rg5 33. e6 fxe6
34. Bxe6 Ke7 35. Bf5 Bd6 36. Rf3 c5 37. g4 b4 38. Rd3 Rg8 1-0

[Event "4. HSK Weihnachtsopen 2018"]
[Site "Hamburg"]
[Date "2018.12.29"]
[Round "6.11"]
[White "Raedisch, Peter"]
[Black "Apitzsch, Leon Fabian"]
[Result "0-1"]
[WhiteElo "1655"]
[BlackElo "1940"]
[PlyCount "74"]
[EventDate "2018.12.27"]

1. e4 e5 2. Nf3 Nc6 3. Bc4 Nf6 4. Ng5 d5 5. exd5 b5 6. Bxb5 Qxd5 7. Bxc6+ Qxc6
8. O-O Bb7 9. Qf3 Qxf3 10. Nxf3 e4 11. Re1 O-O-O 12. Ng5 Rd7 13. Nc3 h6 14.
Ngxe4 Nxe4 15. Nxe4 Re7 16. d3 f5 17. f3 fxe4 18. fxe4 g6 19. Be3 a6 20. Bd4
Bg7 21. Bxg7 Rxg7 22. Rf1 Kd7 23. Rf6 Re8 24. Raf1 Re6 25. R6f2 a5 26. h4 a4
27. a3 Kd6 28. g3 Ba6 29. Kg2 c5 30. Rd1 Ke5 31. Rf4 Rb7 32. Rb1 Reb6 33. b3
axb3 34. Rxb3 Rxb3 35. cxb3 Rxb3 36. Rg4 Bxd3 37. Rxg6 Bxe4+ 0-1

[Event "4. HSK Weihnachtsopen 2018"]
[Site "Hamburg"]
[Date "2018.12.29"]
[Round "6.13"]
[White "Chmielewski, Axel"]
[Black "Koop, Th.Börge"]
[Result "1/2-1/2"]
[WhiteElo "1854"]
[BlackElo "1846"]
[PlyCount "146"]
[EventDate "2018.12.27"]

1. d4 d5 2. c4 e6 3. Nc3 Nf6 4. Nf3 c5 5. cxd5 Nxd5 6. dxc5 Nxc3 7. Qxd8+ Kxd8
8. bxc3 Bxc5 9. Ne5 Ke7 10. g3 f6 11. Nd3 Bd6 12. Bg2 Nc6 13. Rb1 e5 14. O-O
Rb8 15. Be3 Bf5 16. Rbd1 Rhc8 17. Bc5 Bxc5 18. Nxc5 b6 19. Na6 Rb7 20. Nb4 e4
21. Nd5+ Kf7 22. Ne3 Bg6 23. Rd6 Ne5 24. Rc1 Rbc7 25. Nd1 Rd7 26. Rxd7+ Nxd7
27. Bh3 Rc7 28. Ne3 Ne5 29. Nd5 Rc5 30. Nf4 Ke7 31. Ne6 Rd5 32. Nd4 Ra5 33. Be6
Bf7 34. Bb3 g6 35. c4 f5 36. Rc3 Rc5 37. Nc2 Bxc4 38. f4 exf3 39. Bxc4 Rxc4 40.
Rxc4 Nxc4 41. exf3 Kd6 42. Kf2 Kc5 43. Ke2 b5 44. f4 a5 45. Kd3 b4 46. Ne1 a4
47. Nf3 b3 48. axb3 axb3 49. Kc3 b2 50. Kc2 Kb4 51. Ne5 Nxe5 52. fxe5 Kc5 53.
Kxb2 Kd5 54. e6 Kxe6 55. Kc3 Ke5 56. Kd3 f4 57. gxf4+ Kxf4 58. Ke2 g5 59. Kf2
g4 60. Kg2 h5 61. Kf2 h4 62. Kg2 g3 63. hxg3+ hxg3 64. Kg1 Kg5 65. Kh1 Kg4 66.
Kg2 Kf4 67. Kg1 Kf5 68. Kh1 Kg5 69. Kg1 Kh4 70. Kg2 Kg4 71. Kg1 Kf3 72. Kf1 g2+
73. Kg1 Kg3 1/2-1/2

[Event "4. HSK Weihnachtsopen 2018"]
[Site "Hamburg"]
[Date "2018.12.29"]
[Round "6.14"]
[White "Mi, Gufeng"]
[Black "Fuhrmann, Äke"]
[Result "1-0"]
[WhiteElo "1489"]
[BlackElo "1955"]
[PlyCount "73"]
[EventDate "2018.12.27"]

1. Nf3 Nf6 2. d4 g6 3. c4 Bg7 4. Bf4 O-O 5. Nc3 d6 6. h3 Nbd7 7. e3 Nh5 8. Bh2
e5 9. Be2 exd4 10. exd4 Re8 11. O-O Nhf6 12. Qc2 Nf8 13. Bd3 Ne6 14. Rfd1 Nh5
15. Bf1 Ng5 16. Nxg5 Qxg5 17. Kh1 Bd7 18. Nd5 Rac8 19. Ne3 Bc6 20. d5 Bd7 21.
Rac1 f5 22. Qd2 Qf6 23. b4 g5 24. Be2 Qg6 25. Bd3 Nf4 26. Bb1 Be5 27. Ng4 h5
28. Nxe5 dxe5 29. Bxf4 gxf4 30. Rg1 h4 31. c5 Kh8 32. f3 Qg3 33. Rce1 Kh7 34.
Qb2 e4 35. fxe4 f3 36. Ref1 fxg2+ 37. Qxg2 1-0

[Event "4. HSK Weihnachtsopen 2018"]
[Site "Hamburg"]
[Date "2018.12.29"]
[Round "6.16"]
[White "Klawitter, Bernd"]
[Black "Schulz, Hans-Juergen"]
[Result "0-1"]
[WhiteElo "1593"]
[BlackElo "1827"]
[PlyCount "94"]
[EventDate "2018.12.27"]

1. d4 d5 2. Bf4 Nf6 3. e3 g6 4. c3 Bg7 5. Bd3 O-O 6. h3 Re8 7. Nd2 c5 8. Bxb8
Rxb8 9. Ngf3 Nd7 10. Rc1 c4 11. Bb1 e5 12. O-O e4 13. Nh2 f5 14. Re1 Qh4 15.
Nhf1 Nf6 16. b3 b5 17. Bc2 Nh5 18. bxc4 dxc4 19. a4 a6 20. axb5 axb5 21. Ra1 f4
22. Qb1 f3 23. Ra7 fxg2 24. Nh2 Bf5 25. Qa2 Qxh3 26. Rxg7+ Nxg7 27. Qb1 Qh4 28.
Qd1 Nh5 29. Qe2 Nf6 30. f3 Qg3 31. Qf2 Qxf2+ 32. Kxf2 Ra8 33. Bd1 Ra2 34. Re2
Bh3 35. Kg1 Ra1 36. Re1 Rc1 37. Nxe4 Nxe4 38. fxe4 Rxe4 39. Kf2 Rxc3 40. Bf3
Rexe3 41. Bd5+ Kg7 42. Ra1 Red3 43. Nf3 Bg4 44. Ra7+ Kh6 45. Ne5 Rd2+ 46. Kg1
Rc1+ 47. Kh2 g1=Q# 0-1

[Event "4. HSK Weihnachtsopen 2018"]
[Site "Hamburg"]
[Date "2018.12.29"]
[Round "6.17"]
[White "Grabbel, Lennart Christian"]
[Black "Paufler, Patrick"]
[Result "1/2-1/2"]
[WhiteElo "1823"]
[BlackElo "1662"]
[PlyCount "72"]
[EventDate "2018.12.27"]

1. Nf3 d5 2. c4 c6 3. e3 Nf6 4. b3 Bg4 5. Be2 e6 6. Bb2 Nbd7 7. O-O Bd6 8. Nc3
O-O 9. d4 Re8 10. Rc1 Rc8 11. h3 Bh5 12. Qd2 Bb8 13. Nh2 Qc7 14. f4 Bg6 15. Nf3
Ne4 16. Nxe4 Bxe4 17. b4 Nf6 18. Ne5 Bg6 19. Rfd1 Ne4 20. Qe1 Qe7 21. b5 f6 22.
Nf3 dxc4 23. Bxc4 cxb5 24. Bxb5 Red8 25. Nh4 Bf7 26. Bd3 Nd6 27. Ba3 Qd7 28.
Qe2 Qa4 29. Qb2 Nc4 30. Bxc4 Rxc4 31. Nf3 b6 32. Rd3 Rdc8 33. Rdc3 Bg6 34. Nd2
R4c6 35. Kh1 Kf7 36. Kg1 Kg8 1/2-1/2

[Event "4. HSK Weihnachtsopen 2018"]
[Site "Hamburg"]
[Date "2018.12.29"]
[Round "6.18"]
[White "Perschk, Bendix"]
[Black "Grabbel, Torben Frederik"]
[Result "0-1"]
[WhiteElo "1694"]
[BlackElo "1469"]
[PlyCount "70"]
[EventDate "2018.12.27"]

1. e4 e5 2. Nf3 Nc6 3. Bc4 Bc5 4. c3 Nf6 5. d4 exd4 6. e5 d5 7. exd6 Qxd6 8.
O-O O-O 9. h3 a6 10. b4 Ba7 11. a4 dxc3 12. Qxd6 cxd6 13. Nxc3 Nxb4 14. Ba3 Bc5
15. Bxb4 Bxb4 16. Nd5 Nxd5 17. Bxd5 Rb8 18. Rab1 a5 19. Nd4 Bd7 20. Rfc1 Bxa4
21. Rc7 Bc5 22. Nf5 b5 23. Ne7+ Kh8 24. Nc6 Rbc8 25. Rb7 f5 26. Nxa5 b4 27. Rd1
Rce8 28. Ra1 Re5 29. Rxa4 Rxd5 30. Nc6 Rd1+ 31. Kh2 Bxf2 32. Raxb4 h6 33. Rf4
Bg1+ 34. Kg3 g5 35. Ra4 Rd3# 0-1

[Event "4. HSK Weihnachtsopen 2018"]
[Site "Hamburg"]
[Date "2018.12.29"]
[Round "6.19"]
[White "Zierott, Jan"]
[Black "Leonforte, Aurelius"]
[Result "1/2-1/2"]
[WhiteElo "1792"]
[BlackElo "1629"]
[PlyCount "36"]
[EventDate "2018.12.27"]

1. d4 e6 2. c4 d5 3. cxd5 exd5 4. Nf3 c5 5. Nc3 Nf6 6. dxc5 Bxc5 7. e3 O-O 8.
Be2 Nc6 9. a3 d4 10. Na4 Bb6 11. Nxb6 Qxb6 12. exd4 Rd8 13. O-O Bg4 14. b4 Bxf3
15. Bxf3 Nxd4 16. Be3 Nxf3+ 17. Qxf3 Qb5 18. Rfd1 b6 1/2-1/2

[Event "4. HSK Weihnachtsopen 2018"]
[Site "Hamburg"]
[Date "2018.12.29"]
[Round "6.20"]
[White "Goltser, Ilja"]
[Black "Mandelkow, Elias"]
[Result "1/2-1/2"]
[WhiteElo "1744"]
[BlackElo "1569"]
[PlyCount "69"]
[EventDate "2018.12.27"]

1. e4 c5 2. Nf3 d6 3. Bb5+ Nd7 4. O-O a6 5. Bxd7+ Bxd7 6. c3 Nf6 7. Re1 e6 8.
d4 cxd4 9. cxd4 d5 10. e5 Ne4 11. Nbd2 Nxd2 12. Bxd2 Be7 13. Qb3 b5 14. Bb4 O-O
15. Bxe7 Qxe7 16. Qd3 h6 17. Nd2 b4 18. Nb3 Bb5 19. Qd2 a5 20. Nc5 Bc4 21. a4
Rac8 {(=)} 22. b3 Rxc5 23. dxc5 Bxb3 24. Qe3 Bc4 25. c6 Qc7 26. Qc5 Rc8 27. f4
Rb8 28. Reb1 Qb6 29. Qxb6 Rxb6 30. c7 Rc6 31. Kf2 Kf8 32. Ke3 Ke7 33. g4 f6 34.
Rb2 Rxc7 35. Rc1 1/2-1/2

[Event "4. HSK Weihnachtsopen 2018"]
[Site "Hamburg"]
[Date "2018.12.29"]
[Round "6.21"]
[White "Grotrian, Peter"]
[Black "Bloh, Fabian"]
[Result "0-1"]
[WhiteElo "1500"]
[BlackElo "1685"]
[PlyCount "64"]
[EventDate "2018.12.27"]

1. d4 Nf6 2. Bg5 e6 3. e4 Be7 4. Bd3 d5 5. e5 Nfd7 6. Bxe7 Qxe7 7. c3 a6 8. Qg4
g6 9. Nd2 c5 10. Ngf3 cxd4 11. Qxd4 Nc6 12. Qf4 f5 13. exf6 Qxf6 14. Qc7 e5 15.
c4 Nb4 16. Bb1 e4 17. Nxe4 dxe4 18. Bxe4 Nc6 19. O-O O-O 20. b3 Qf4 21. Qxf4
Rxf4 22. Rfe1 Nf6 23. Bxc6 bxc6 24. Re7 Re4 25. Rc7 Bd7 26. Rd1 Rae8 27. Kf1
Re2 28. Rd2 Rxd2 29. Nxd2 Bf5 30. g3 Bh3+ 31. Kg1 Re1+ 32. Nf1 Rxf1# 0-1

[Event "4. HSK Weihnachtsopen 2018"]
[Site "Hamburg"]
[Date "2018.12.29"]
[Round "6.22"]
[White "Westphal-Stubbe, Siegbert"]
[Black "Lohmann, Rene Alexander"]
[Result "0-1"]
[WhiteElo "1664"]
[BlackElo "1390"]
[PlyCount "36"]
[EventDate "2018.12.27"]

1. d4 d5 2. c4 e6 3. Nc3 Nf6 4. e3 Nbd7 5. Bd3 c6 6. Nge2 Bd6 7. O-O O-O 8. e4
dxc4 9. Bxc4 e5 10. Kh1 exd4 11. Nxd4 Ne5 12. Bb3 Nfg4 13. Nc2 Qf6 14. Be3 Ng6
15. g3 Rd8 16. Qe1 Qf3+ 17. Kg1 Nh4 18. gxh4 Bxh2# 0-1

[Event "4. HSK Weihnachtsopen 2018"]
[Site "Hamburg"]
[Date "2018.12.29"]
[Round "6.23"]
[White "Lu, Siyuan"]
[Black "Meyer, Harald"]
[Result "1-0"]
[WhiteElo "1659"]
[BlackElo "1282"]
[PlyCount "49"]
[EventDate "2018.12.27"]

1. e4 Nc6 2. Nf3 e6 3. d4 d5 4. exd5 exd5 5. Bd3 Bd6 6. O-O Nf6 7. Re1+ Be6 8.
Bg5 h6 9. Bh4 g5 10. Bg3 Bxg3 11. hxg3 Qd6 12. c4 O-O-O 13. c5 Qf8 14. Bb5 Nb8
15. b4 c6 16. Bd3 Nbd7 17. a4 Ne4 18. b5 Nb8 19. Ne5 Qg7 20. bxc6 bxc6 21. Nd2
f5 22. Qc2 Kc7 23. Rab1 Bc8 24. Qb2 Nxd2 25. Qxb8# 1-0